000 00763nam a2200277Ia 4500
005 20251020182451.0
008 200515s9999 xx 000 0 und d
020 _a978-958-8675-59-6
082 _a621.3/P45
100 _aCompany Gironés, Rafael
100 _aPérez Jiménez, Oscar
245 0 _aCómo ser un buen profesional eléctrico : Mantenimiento eléctrico y solución de averías
250 _a1a ed.
260 _aBogotá, D.C.
260 _bEdiciones de la U
260 _c2011
300 _a172 p.
300 _bil., tbl., graf.
500 _a1 ejemplar
650 _aELECTRICIDAD
650 _aMANTENIMIENTO CORRECTIVO
650 _aMANTENIMIENTO PREVENTIVO
650 _aMEDIDAS DE PROTECCION
942 _cLIB
999 _c871
_d871